[Event "EYCC 2024 - G16"]
[Site "?"]
[Date "2024.08.30"]
[Round "8.9"]
[White "Nuriyeva, Nurtan"]
[Black "Vermeulen, Hailey"]
[Result "1-0"]
[BlackElo "1731"]
[WhiteElo "1891"]
[LiveChessVersion "1.4.8"]

1. d4 {[%clk 1:30:57]} Nf6 {[%clk 1:30:52]} 2. Nf3 {[%clk 1:31:19]} g6
{[%clk 1:31:15]} 3. c4 {[%clk 1:31:44]} Bg7 {[%clk 1:31:39]} 4. Nc3
{[%clk 1:31:56]} O-O {[%clk 1:31:59]} 5. Bg5 {[%clk 1:32:05]} d6 {[%clk 1:32:20]}
6. e3 {[%clk 1:32:25]} Bf5 {[%clk 1:32:37]} 7. Bd3 {[%clk 1:32:17]} Bxd3
{[%clk 1:32:57]} 8. Qxd3 {[%clk 1:32:32]} Nbd7 {[%clk 1:33:14]} 9. O-O
{[%clk 1:32:29]} c5 {[%clk 1:33:27]} 10. Rac1 {[%clk 1:30:33]} h6
{[%clk 1:33:11]} 11. Bh4 {[%clk 1:30:35]} g5 {[%clk 1:33:01]} 12. Bg3
{[%clk 1:30:01]} Nh5 {[%clk 1:32:48]} 13. h3 {[%clk 1:24:16]} Nxg3
{[%clk 1:32:17]} 14. fxg3 {[%clk 1:24:38]} a6 {[%clk 1:31:26]} 15. b3
{[%clk 1:23:47]} Rb8 {[%clk 1:29:50]} 16. h4 {[%clk 1:17:37]} g4 {[%clk 1:27:21]}
17. Nd2 {[%clk 1:17:40]} cxd4 {[%clk 1:25:30]} 18. exd4 {[%clk 1:18:05]} Qb6
{[%clk 1:18:30]} 19. Rf4 {[%clk 1:14:51]} Ne5 {[%clk 1:12:42]} 20. Qe4
{[%clk 1:06:08]} Nc6 {[%clk 1:09:30]} 21. Ne2 {[%clk 1:05:10]} e5
{[%clk 1:05:09]} 22. Rxg4 {[%clk 0:59:58]} f5 {[%clk 1:03:18]} 23. Qd5+
{[%clk 0:57:55]} Kh7 {[%clk 1:03:16]} 24. Rxg7+ {[%clk 0:54:15]} Kxg7
{[%clk 1:03:35]} 25. Kh2 {[%clk 0:45:03]} Nb4 {[%clk 1:01:29]} 26. Qf3
{[%clk 0:42:07]} Nxa2 {[%clk 0:57:57]} 27. Rf1 {[%clk 0:40:52]} Rf7
{[%clk 0:50:26]} 28. g4 {[%clk 0:36:36]} Rbf8 {[%clk 0:49:44]} 29. gxf5
{[%clk 0:36:41]} Qd8 {[%clk 0:47:18]} 30. Qh5 {[%clk 0:35:58]} d5
{[%clk 0:40:37]} 31. dxe5 {[%clk 0:31:36]} Qc7 {[%clk 0:32:40]} 32. Qg6+
{[%clk 0:30:53]} Kh8 {[%clk 0:33:00]} 33. Qxh6+ {[%clk 0:31:13]} Kg8
{[%clk 0:32:35]} 34. Qg5+ {[%clk 0:28:58]} Rg7 {[%clk 0:30:47]} 35. Qf4
{[%clk 0:28:50]} Nb4 {[%clk 0:29:21]} 36. Nf3 {[%clk 0:25:17]} dxc4
{[%clk 0:26:48]} 37. bxc4 {[%clk 0:23:08]} Nd3 {[%clk 0:26:29]} 38. Qe4
{[%clk 0:20:09]} Nc5 {[%clk 0:25:23]} 39. Qf4 {[%clk 0:18:35]} Nd3
{[%clk 0:25:21]} 40. Qe3 {[%clk 0:17:36]} Nxe5 {[%clk 0:20:23]} 41. Qxe5
{[%clk 0:16:24]} Qxe5+ {[%clk 0:20:32]} 42. Nxe5 {[%clk 0:16:51]} Re8
{[%clk 0:20:17]} 43. Nd4 {[%clk 0:14:52]} Rxe5 {[%clk 0:19:39]} 44. Rf4
{[%clk 0:13:44]} b5 {[%clk 0:18:19]} 45. cxb5 {[%clk 0:13:15]} axb5
{[%clk 0:18:40]} 46. g4 {[%clk 0:13:05]} b4 {[%clk 0:17:54]} 47. Kg3
{[%clk 0:10:15]} b3 {[%clk 0:17:53]} 48. Nxb3 {[%clk 0:10:15]} Re3+
{[%clk 0:16:53]} 49. Rf3 {[%clk 0:09:16]} Re4 {[%clk 0:15:44]} 50. g5
{[%clk 0:08:05]} Rh7 {[%clk 0:15:36]} 51. Nc5 {[%clk 0:08:00]} Rexh4
{[%clk 0:15:37]} 52. Rd3 {[%clk 0:06:04]} Rh3+ {[%clk 0:14:11]} 53. Kf4
{[%clk 0:06:17]} R7h4+ {[%clk 0:14:17]} 54. Ke5 {[%clk 0:06:41]} Rxd3
{[%clk 0:13:59]} 55. Nxd3 {[%clk 0:06:41]} Ra4 {[%clk 0:14:10]} 56. Nf4
{[%clk 0:07:24]} Ra5+ {[%clk 0:13:34]} 57. Kf6 {[%clk 0:07:44]} Ra6+
{[%clk 0:13:12]} 58. Ne6 {[%clk 0:08:06]} Rb6 {[%clk 0:12:40]} 59. g6
{[%clk 0:07:40]} Rb7 {[%clk 0:12:34]} 60. Nf4 {[%clk 0:07:23]} Rb6+
{[%clk 0:12:25]} 61. Kg5 {[%clk 0:07:31]} Rb5 {[%clk 0:12:24]} 62. Ne6
{[%clk 0:07:24]} Rb6 {[%clk 0:12:20]} 63. Nd4 {[%clk 0:06:49]} Rd6
{[%clk 0:12:27]} 64. Nf3 {[%clk 0:06:45]} Rd5 {[%clk 0:12:25]} 65. Kf6
{[%clk 0:06:46]} Rd6+ {[%clk 0:12:26]} 66. Ke7 {[%clk 0:05:49]} Ra6
{[%clk 0:12:17]} 67. f6 {[%clk 0:05:32]} Ra7+ {[%clk 0:12:29]} 68. Ke6
{[%clk 0:05:57]} Ra6+ {[%clk 0:12:47]} 69. Kf5 {[%clk 0:06:25]} Ra5+
{[%clk 0:12:40]} 70. Ne5 {[%clk 0:06:52]} Ra7 {[%clk 0:12:02]} 71. Ke6
{[%clk 0:07:11]} Ra6+ {[%clk 0:12:00]} 72. Ke7 {[%clk 0:06:39]} Ra7+
{[%clk 0:12:20]} 73. Nd7 {[%clk 0:07:02]} Ra8 {[%clk 0:12:27]} 74. f7+
{[%clk 0:06:29]} Kg7 {[%clk 0:12:47]} 75. f8=Q+ Rxf8 {[%clk 0:13:08]} 76. Nxf8
{[%clk 0:07:16]} Kg8 {[%clk 0:13:17]} 77. Ne6 {[%clk 0:07:25]} Kh8
{[%clk 0:13:36]} 78. g7+ {[%clk 0:07:29]} Kg8 {[%clk 0:13:57]} 79. Ke8
{[%clk 0:07:46]} 1-0

[Event "EYCC 2024 - G16"]
[Site "?"]
[Date "2024.08.30"]
[Round "8.10"]
[White "Tsapaki, Asimenia"]
[Black "Hakobova, Alisa"]
[Result "1-0"]
[BlackElo "1619"]
[WhiteElo "1885"]
[LiveChessVersion "1.4.8"]

1. e4 {[%clk 1:30:56]} c6 {[%clk 1:30:48]} 2. d4 {[%clk 1:31:20]} d5
{[%clk 1:31:15]} 3. f3 {[%clk 1:31:33]} dxe4 {[%clk 1:30:48]} 4. fxe4
{[%clk 1:31:47]} e5 {[%clk 1:29:06]} 5. Nf3 {[%clk 1:32:05]} exd4
{[%clk 1:27:11]} 6. Bc4 {[%clk 1:31:48]} Be7 {[%clk 0:49:47]} 7. O-O
{[%clk 1:27:24]} Nf6 {[%clk 0:48:28]} 8. Ng5 {[%clk 1:22:36]} O-O
{[%clk 0:44:41]} 9. Nxf7 {[%clk 1:21:56]} Rxf7 {[%clk 0:44:04]} 10. Bxf7+
{[%clk 1:22:13]} Kxf7 {[%clk 0:44:32]} 11. e5 {[%clk 1:22:29]} Kg8
{[%clk 0:44:59]} 12. exf6 {[%clk 1:22:50]} Bxf6 {[%clk 0:45:28]} 13. Nd2
{[%clk 1:21:00]} Qd5 {[%clk 0:38:44]} 14. Qf3 {[%clk 1:19:58]} Be6
{[%clk 0:36:44]} 15. Ne4 {[%clk 1:19:14]} Nd7 {[%clk 0:35:14]} 16. Nxf6+
{[%clk 1:15:22]} Nxf6 {[%clk 0:35:18]} 17. Qxd5 {[%clk 1:15:47]} Bxd5
{[%clk 0:35:37]} 18. Bf4 {[%clk 1:15:58]} c5 {[%clk 0:35:19]} 19. a3
{[%clk 1:08:22]} Be4 {[%clk 0:28:18]} 20. Rf2 {[%clk 1:02:23]} Nd5
{[%clk 0:27:16]} 21. Bd6 b6 {[%clk 0:17:39]} 22. Re1 {[%clk 0:49:01]} Bg6
{[%clk 0:11:09]} 23. b4 {[%clk 0:36:54]} c4 {[%clk 0:01:58]} 24. Ref1
{[%clk 0:33:16]} h5 {[%clk 0:00:35]} 25. Rf8+ Rxf8 {[%clk 0:01:00]} 26. Rxf8+
{[%clk 0:33:51]} Kh7 {[%clk 0:01:28]} 27. Be5 {[%clk 0:33:42]} d3
{[%clk 0:01:07]} 28. cxd3 {[%clk 0:33:59]} c3 {[%clk 0:00:33]} 29. Rc8
{[%clk 0:33:21]} Bf5 {[%clk 0:00:40]} 30. Rc6 {[%clk 0:29:27]} Bxd3
{[%clk 0:01:00]} 31. Kf2 {[%clk 0:21:12]} c2 {[%clk 0:00:39]} 32. Bb2
{[%clk 0:21:26]} Bb5 {[%clk 0:00:33]} 33. Rxc2 {[%clk 0:20:34]} Nf4
{[%clk 0:00:58]} 34. Kg3 {[%clk 0:20:10]} Nd3 {[%clk 0:00:34]} 35. Bd4
{[%clk 0:20:02]} a5 {[%clk 0:00:33]} 36. Bxb6 {[%clk 0:19:50]} axb4
{[%clk 0:00:53]} 37. axb4 {[%clk 0:20:12]} g5 {[%clk 0:01:13]} 38. h4
{[%clk 0:19:48]} gxh4+ {[%clk 0:01:16]} 39. Kxh4 {[%clk 0:20:08]} Kg6
{[%clk 0:00:54]} 40. Bc5 {[%clk 0:18:19]} Ne1 {[%clk 0:00:58]} 41. Rf2
{[%clk 0:18:04]} Bc6 {[%clk 0:00:51]} 42. Kg3 {[%clk 0:17:13]} Kg5
{[%clk 0:00:46]} 43. Be7+ {[%clk 0:17:25]} 1-0

[Event "EYCC 2024 - G16"]
[Site "?"]
[Date "2024.08.30"]
[Round "8.11"]
[White "Djukic, Katarina"]
[Black "Balazs, Sztella Anna"]
[Result "1/2-1/2"]
[BlackElo "1879"]
[WhiteElo "1673"]
[LiveChessVersion "1.4.8"]

1. e4 {[%clk 1:30:57]} c5 {[%clk 1:30:57]} 2. Nf3 {[%clk 1:31:20]} Nc6
{[%clk 1:31:23]} 3. d4 {[%clk 1:31:42]} cxd4 {[%clk 1:31:49]} 4. Nxd4
{[%clk 1:32:09]} e5 {[%clk 1:32:13]} 5. Nb5 {[%clk 1:32:33]} d6 {[%clk 1:32:39]}
6. c4 {[%clk 1:32:57]} g6 {[%clk 1:33:01]} 7. Be3 {[%clk 1:33:20]} Be6
{[%clk 1:32:53]} 8. N1c3 {[%clk 1:33:34]} a6 {[%clk 1:33:17]} 9. Na3
{[%clk 1:33:58]} Bg7 {[%clk 1:33:36]} 10. Nc2 {[%clk 1:33:48]} Rc8
{[%clk 1:33:24]} 11. Be2 {[%clk 1:33:24]} Nge7 {[%clk 1:32:21]} 12. Qd2
{[%clk 1:28:30]} Rb8 {[%clk 1:25:42]} 13. Rd1 {[%clk 1:18:22]} Nc8
{[%clk 1:25:18]} 14. O-O {[%clk 1:17:43]} O-O {[%clk 1:23:30]} 15. f3
{[%clk 1:07:30]} N6e7 {[%clk 1:10:06]} 16. c5 {[%clk 1:05:00]} Nc6
{[%clk 1:03:22]} 17. cxd6 {[%clk 1:03:37]} Qd7 {[%clk 1:03:00]} 18. Na4
{[%clk 0:43:25]} f5 {[%clk 0:35:53]} 19. b3 {[%clk 0:24:23]} Bf7 {[%clk 0:21:17]}
20. Bg5 {[%clk 0:17:14]} b5 {[%clk 0:19:10]} 21. Nc5 {[%clk 0:13:53]} Qa7
{[%clk 0:19:28]} 22. Be3 {[%clk 0:13:59]} f4 {[%clk 0:19:10]} 23. Bf2
{[%clk 0:14:15]} Nb6 {[%clk 0:19:21]} 24. Nd3 {[%clk 0:12:12]} Rfd8
{[%clk 0:18:06]} 25. Ndb4 {[%clk 0:12:18]} Nxb4 {[%clk 0:16:26]} 26. Nxb4
{[%clk 0:12:43]} Qb7 {[%clk 0:16:45]} 27. Bc5 {[%clk 0:05:40]} Rbc8
{[%clk 0:12:05]} 28. Nd3 {[%clk 0:04:12]} Bf8 {[%clk 0:10:22]} 29. Qb2
{[%clk 0:03:08]} Nd7 {[%clk 0:10:28]} 30. Bb4 {[%clk 0:02:50]} a5
{[%clk 0:08:16]} 31. Bc3 {[%clk 0:02:57]} Bxd6 {[%clk 0:07:36]} 32. Bxe5
{[%clk 0:03:04]} Nxe5 {[%clk 0:06:30]} 33. Nxe5 {[%clk 0:03:30]} Qb6+
{[%clk 0:03:00]} 34. Kh1 {[%clk 0:03:54]} Be8 {[%clk 0:01:55]} 35. Ng4
{[%clk 0:04:08]} Bf8 {[%clk 0:01:06]} 36. Nf6+ Kf7 {[%clk 0:01:33]} 37. Nd5
{[%clk 0:03:25]} Qc6 {[%clk 0:00:43]} 38. Nxf4 {[%clk 0:02:39]} Bg7
{[%clk 0:00:57]} 39. Qb1 {[%clk 0:02:10]} Qf6 {[%clk 0:00:56]} 40. Nd5
{[%clk 0:02:07]} Qe6 {[%clk 0:00:52]} 41. Rc1 {[%clk 0:01:05]} Rxc1
{[%clk 0:00:56]} 42. Qxc1 {[%clk 0:01:30]} Rxd5 {[%clk 0:01:19]} 43. exd5
{[%clk 0:01:46]} Qxe2 {[%clk 0:01:45]} 44. Re1 {[%clk 0:02:12]} Qf2
{[%clk 0:01:30]} 45. Qf4+ {[%clk 0:02:00]} Bf6 {[%clk 0:01:49]} 46. Qc7+
{[%clk 0:02:21]} Kf8 {[%clk 0:02:11]} 47. Qd6+ {[%clk 0:02:17]} Kg7
{[%clk 0:02:36]} 48. Rc1 {[%clk 0:02:15]} Bf7 {[%clk 0:02:49]} 49. Qc6
{[%clk 0:00:42]} Qxa2 {[%clk 0:02:23]} 50. Qxb5 {[%clk 0:00:38]} Qd2
{[%clk 0:02:37]} 51. Qc5 {[%clk 0:00:38]} Bxd5 {[%clk 0:01:46]} 52. Qa7+
{[%clk 0:00:35]} Bf7 {[%clk 0:02:08]} 53. Qc7 {[%clk 0:00:49]} Qe3
{[%clk 0:02:19]} 54. Rb1 {[%clk 0:00:45]} Qd3 {[%clk 0:02:28]} 55. Rc1
{[%clk 0:00:35]} Qxb3 {[%clk 0:01:42]} 56. Qxa5 {[%clk 0:00:49]} Qe3
{[%clk 0:01:58]} 57. Re1 {[%clk 0:01:06]} 1/2-1/2

[Event "EYCC 2024 - G16"]
[Site "?"]
[Date "2024.08.30"]
[Round "8.12"]
[White "Jankovic, Tamara"]
[Black "Haapsal, Maria Ioanna"]
[Result "1/2-1/2"]
[BlackElo "1704"]
[WhiteElo "1877"]
[LiveChessVersion "1.4.8"]

1. e4 {[%clk 1:30:55]} c6 {[%clk 1:30:35]} 2. d4 {[%clk 1:31:19]} d5
{[%clk 1:31:00]} 3. exd5 {[%clk 1:31:45]} cxd5 {[%clk 1:31:08]} 4. Bd3
{[%clk 1:32:10]} Nf6 {[%clk 1:31:07]} 5. h3 {[%clk 1:32:36]} Nc6 {[%clk 1:31:21]}
6. c3 {[%clk 1:33:01]} g6 {[%clk 1:30:51]} 7. Nf3 {[%clk 1:33:17]} Bf5
{[%clk 1:30:11]} 8. Be2 {[%clk 1:31:25]} Bg7 {[%clk 1:29:39]} 9. Bf4
{[%clk 1:31:21]} O-O {[%clk 1:29:31]} 10. Nbd2 {[%clk 1:29:24]} Ne4
{[%clk 1:28:02]} 11. g4 {[%clk 1:28:02]} Nxd2 {[%clk 1:19:22]} 12. Qxd2
{[%clk 1:25:00]} Bd7 {[%clk 1:17:30]} 13. Bd3 {[%clk 1:13:11]} f6
{[%clk 1:12:25]} 14. Bc2 {[%clk 1:10:53]} Be8 {[%clk 0:57:52]} 15. O-O-O
{[%clk 1:10:38]} e5 {[%clk 0:55:15]} 16. dxe5 {[%clk 1:07:34]} fxe5
{[%clk 0:55:26]} 17. Bg5 {[%clk 1:08:02]} Qa5 {[%clk 0:54:04]} 18. Ne1
{[%clk 0:54:26]} Qxa2 {[%clk 0:52:14]} 19. Qxd5+ {[%clk 0:54:40]} Qxd5
{[%clk 0:52:34]} 20. Rxd5 {[%clk 0:55:09]} Rxf2 {[%clk 0:42:28]} 21. Nd3
{[%clk 0:50:59]} Rf8 {[%clk 0:32:07]} 22. Nc5 {[%clk 0:42:39]} h6
{[%clk 0:30:00]} 23. Bh4 {[%clk 0:42:00]} g5 {[%clk 0:30:06]} 24. Bg3
{[%clk 0:41:29]} Bf7 {[%clk 0:24:54]} 25. Rd6 {[%clk 0:41:12]} Rab8
{[%clk 0:19:43]} 26. Be4 {[%clk 0:39:39]} Rfd8 {[%clk 0:17:53]} 27. Rxd8+
{[%clk 0:29:10]} Nxd8 {[%clk 0:17:42]} 28. Nd7 {[%clk 0:29:00]} Rc8
{[%clk 0:17:50]} 29. Nxe5 {[%clk 0:28:43]} Bxe5 {[%clk 0:16:02]} 30. Bxe5
{[%clk 0:29:12]} Nc6 {[%clk 0:16:11]} 31. Bg3 {[%clk 0:21:22]} Re8
{[%clk 0:15:40]} 32. Re1 {[%clk 0:21:40]} Kg7 {[%clk 0:14:28]} 33. Bg2
{[%clk 0:15:20]} Rd8 {[%clk 0:13:21]} 34. Rd1 {[%clk 0:14:34]} Rxd1+
{[%clk 0:09:03]} 35. Kxd1 {[%clk 0:15:02]} Bb3+ {[%clk 0:07:57]} 36. Kd2
{[%clk 0:12:42]} Kf6 {[%clk 0:08:13]} 37. Ke3 {[%clk 0:12:03]} Ke6 1/2-1/2

[Event "EYCC 2024 - G16"]
[Site "?"]
[Date "2024.08.30"]
[Round "8.13"]
[White "Zgoda, Aleksandra"]
[Black "Hristova, Ivelina"]
[Result "0-1"]
[BlackElo "1875"]
[WhiteElo "1688"]
[LiveChessVersion "1.4.8"]

1. d4 {[%clk 1:30:56]} Nf6 {[%clk 1:30:55]} 2. Bf4 {[%clk 1:31:14]} e6
{[%clk 1:31:21]} 3. e3 {[%clk 1:31:32]} c5 {[%clk 1:31:38]} 4. c3
{[%clk 1:30:54]} cxd4 {[%clk 1:30:03]} 5. exd4 {[%clk 1:31:08]} Be7
{[%clk 1:29:36]} 6. Bd3 {[%clk 1:29:36]} O-O {[%clk 1:28:19]} 7. Nd2
{[%clk 1:29:12]} d6 {[%clk 1:25:55]} 8. Ngf3 {[%clk 1:24:30]} b6 {[%clk 1:22:43]}
9. Ne4 {[%clk 1:15:03]} Bb7 {[%clk 1:16:21]} 10. Nxf6+ {[%clk 1:05:22]} Bxf6
{[%clk 1:16:32]} 11. h4 {[%clk 1:02:35]} g6 {[%clk 0:50:41]} 12. h5
{[%clk 0:49:40]} g5 {[%clk 0:40:40]} 13. Be3 {[%clk 0:42:27]} h6 {[%clk 0:38:12]}
14. Nd2 {[%clk 0:38:50]} e5 {[%clk 0:26:32]} 15. Qg4 {[%clk 0:32:19]} Qd7
{[%clk 0:18:18]} 16. Bf5 {[%clk 0:17:07]} Qd8 {[%clk 0:16:46]} 17. O-O-O
{[%clk 0:16:06]} d5 {[%clk 0:09:11]} 18. dxe5 {[%clk 0:15:49]} Bxe5
{[%clk 0:09:29]} 19. f4 {[%clk 0:15:36]} d4 {[%clk 0:07:41]} 20. fxe5
{[%clk 0:12:08]} dxe3 {[%clk 0:07:39]} 21. Ne4 {[%clk 0:09:19]} Qe7
{[%clk 0:06:54]} 22. Nf6+ {[%clk 0:09:14]} Kh8 {[%clk 0:06:21]} 23. Nd7
{[%clk 0:08:34]} Rd8 {[%clk 0:05:20]} 24. e6 {[%clk 0:01:02]} fxe6
{[%clk 0:04:50]} 25. Bxe6 {[%clk 0:01:29]} Re8 {[%clk 0:03:43]} 26. Qd4+
{[%clk 0:01:07]} Qg7 {[%clk 0:04:06]} 27. Qd6 {[%clk 0:00:45]} e2
{[%clk 0:02:57]} 28. Rd2 {[%clk 0:00:46]} Nxd7 {[%clk 0:02:22]} 29. Rxe2
{[%clk 0:00:40]} Nf8 {[%clk 0:02:08]} 30. Rhe1 {[%clk 0:01:01]} Rad8
{[%clk 0:02:13]} 31. Qg3 {[%clk 0:00:47]} Ba6 {[%clk 0:01:08]} 32. Re3
{[%clk 0:00:44]} Nxe6 {[%clk 0:00:55]} 33. Rxe6 {[%clk 0:01:07]} Rxe6
{[%clk 0:01:17]} 34. Rxe6 {[%clk 0:01:35]} Bd3 {[%clk 0:01:17]} 35. Qe3
{[%clk 0:01:52]} Bf5 {[%clk 0:01:22]} 36. Re7 {[%clk 0:02:00]} Qf6
{[%clk 0:01:29]} 37. Rxa7 Qd6 {[%clk 0:01:34]} 38. Qe2 {[%clk 0:01:33]} Qf4+
{[%clk 0:01:50]} 0-1

[Event "EYCC 2024 - G16"]
[Site "?"]
[Date "2024.08.30"]
[Round "8.14"]
[White "Dorazilova, Kristyna"]
[Black "Natoli, Alessia"]
[Result "1/2-1/2"]
[BlackElo "1944"]
[WhiteElo "1788"]
[LiveChessVersion "1.4.8"]

1. e4 {[%clk 1:30:58]} c5 {[%clk 1:30:55]} 2. Nc3 {[%clk 1:31:23]} Nc6
{[%clk 1:31:17]} 3. Bb5 {[%clk 1:31:47]} Nd4 {[%clk 1:31:30]} 4. Bc4
{[%clk 1:32:06]} e6 {[%clk 1:28:32]} 5. Nf3 {[%clk 1:32:21]} a6 {[%clk 1:25:04]}
6. Nxd4 {[%clk 1:24:51]} cxd4 {[%clk 1:25:25]} 7. Ne2 {[%clk 1:25:08]} b5
{[%clk 1:21:09]} 8. Bb3 {[%clk 1:25:14]} Bc5 {[%clk 1:19:16]} 9. d3
{[%clk 1:23:46]} Ne7 {[%clk 1:15:59]} 10. O-O {[%clk 1:22:53]} O-O
{[%clk 1:14:09]} 11. c3 {[%clk 1:07:03]} dxc3 {[%clk 1:09:10]} 12. Nxc3
{[%clk 1:07:22]} Nc6 {[%clk 1:03:57]} 13. Ne2 {[%clk 0:57:11]} Qb6
{[%clk 1:00:47]} 14. Bd2 {[%clk 0:53:46]} Bb7 {[%clk 0:56:48]} 15. Bc3
{[%clk 0:50:28]} Nd4 {[%clk 0:54:52]} 16. Nxd4 {[%clk 0:49:38]} Bxd4
{[%clk 0:55:14]} 17. Rc1 {[%clk 0:47:32]} Rac8 {[%clk 0:48:59]} 18. Qd2
{[%clk 0:43:09]} f5 {[%clk 0:41:27]} 19. Ba5 {[%clk 0:32:32]} Qa7
{[%clk 0:35:22]} 20. Rxc8 {[%clk 0:30:37]} Bxc8 {[%clk 0:35:07]} 21. Qe2
{[%clk 0:26:22]} Bb7 {[%clk 0:29:29]} 22. Bb4 {[%clk 0:24:36]} Bc5
{[%clk 0:27:58]} 23. Bxc5 {[%clk 0:22:30]} Qxc5 {[%clk 0:28:26]} 24. Kh1
{[%clk 0:21:03]} fxe4 {[%clk 0:23:41]} 25. dxe4 {[%clk 0:21:11]} Qe5
{[%clk 0:23:54]} 26. Re1 {[%clk 0:17:44]} Rc8 {[%clk 0:17:30]} 27. f3
{[%clk 0:16:03]} d5 {[%clk 0:16:29]} 28. Qd2 {[%clk 0:11:53]} d4 {[%clk 0:12:37]}
29. Rd1 {[%clk 0:11:55]} Rd8 {[%clk 0:12:37]} 30. Qa5 {[%clk 0:10:38]} Rd7
{[%clk 0:11:05]} 31. Qb6 {[%clk 0:09:50]} Kf7 {[%clk 0:11:24]} 32. Kg1
{[%clk 0:07:10]} Kf6 {[%clk 0:09:58]} 33. a4 {[%clk 0:06:46]} Qd6
{[%clk 0:09:08]} 34. Qxd6 {[%clk 0:06:17]} Rxd6 {[%clk 0:09:36]} 35. axb5
{[%clk 0:06:18]} axb5 {[%clk 0:10:05]} 36. Bc2 {[%clk 0:06:32]} e5
{[%clk 0:08:28]} 37. Bd3 {[%clk 0:06:44]} Ra6 {[%clk 0:05:59]} 38. Rc1
{[%clk 0:06:52]} Rc6 {[%clk 0:04:24]} 39. Ra1 {[%clk 0:07:07]} b4
{[%clk 0:03:04]} 40. Ra4 {[%clk 0:04:57]} Rb6 {[%clk 0:03:18]} 41. Kf2
{[%clk 0:04:38]} Bc6 {[%clk 0:03:15]} 42. Ra5 {[%clk 0:04:54]} Ke6
{[%clk 0:02:30]} 43. Ke2 {[%clk 0:05:17]} Kd6 {[%clk 0:02:35]} 44. Kd2
{[%clk 0:05:34]} b3 {[%clk 0:01:32]} 45. Ra7 {[%clk 0:03:27]} Bb7
{[%clk 0:01:11]} 46. Bc4 {[%clk 0:03:27]} Rb4 {[%clk 0:01:07]} 47. Kd3
{[%clk 0:03:32]} g5 48. Ra3 {[%clk 0:03:27]} Bc6 {[%clk 0:01:02]} 49. Rxb3
{[%clk 0:01:56]} Ra4 {[%clk 0:01:11]} 50. Bb5 {[%clk 0:01:17]} Ra1
{[%clk 0:01:12]} 51. Bxc6 {[%clk 0:01:05]} Kxc6 {[%clk 0:01:40]} 52. Ra3
{[%clk 0:00:49]} Rg1 {[%clk 0:01:27]} 53. Ra6+ {[%clk 0:00:39]} Kd7
{[%clk 0:01:12]} 54. Ra7+ {[%clk 0:00:42]} Ke6 {[%clk 0:01:25]} 55. Ra6+
{[%clk 0:01:04]} Ke7 {[%clk 0:01:26]} 56. Ra7+ {[%clk 0:01:28]} 1/2-1/2